000 00421nam a2200205Ia 4500
001 14319
003 GE_BSU
008 181216s||||||||xx |||||||||||||| ||und||
020 _a9780330482486
040 _cGE_BSU
080 _a821.111-312.9
100 _aReilly,Matthew
245 _aTemple
260 _aLondon
260 _bPan books
260 _c1999
300 _a775p.18cm.
653 _aTemple
942 _cBK
999 _c47455
_d47455